00577nam a2200169Ia 4500952012500000999001700125003000400142005001700146008004100163040000900204082001800213100002600231245005000257260004900307300000900356942004200365 00102ddc40708HISTORYaMESbMEScHISd2019-02-20l0o954.03 PRA/Pp14560r2019-02-20 00:00:00w2019-02-20yBKzGL37R1 c19614d19614OSt20200623120455.0190216s9999||||xx |||||||||||||| ||und|| coclc a954.03bPRA/P a Prasad, Nandan93125 0aParamountcy Under Dalhousie /cNandan Prasad  bRanjit Printers & Publishers,c1964.aDelhi: a222p cBK2ddch954.03iPRA/Pk954.03mPRA/P